| 000 | 00868nam a22002297a 4500 | ||
|---|---|---|---|
| 999 |
_c1944 _d1944 |
||
| 003 | AR-CdUCM | ||
| 008 | 190228b ||||| |||| 00| 0 spa d | ||
| 040 |
_aMUNICIPALIDAD PROVINCIAL DEL CUSCO _cBIBLIOTECA MUNICIPAL DEL CUSCO |
||
| 082 |
_a345.7 / _bM562 |
||
| 100 |
_aMerino Reyna, Jose (encargado) _97107 |
||
| 110 |
_aJose M. Cajica _97108 |
||
| 245 | _aCódigos de procedimientos Civiles / | ||
| 260 |
_aLima : _bJose M. Cajica , _c1952. |
||
| 300 |
_a458 páginas ; _c15 cm. |
||
| 440 |
_aLeyes y códigos peruanos _97109 |
||
| 505 | _aComparecencia antes el Juez -- Disposiciones generales -- Mandatarios judiciales -- Representantes legales -- Representación de ausentes... | ||
| 650 |
_aDisposiciones aplicables. _97110 |
||
| 650 |
_aJuicios. _97111 |
||
| 650 |
_aProcedimientos no consentidos. _97112 |
||
| 942 |
_2ddc _cLIBROS |
||
| 945 |
_awfj _d2019-02-28 |
||